Picture Click Quiz - Harry Potter Characters #1 - Statistics

General Stats
  • This quiz has been taken 548 times
  • The average score is 23 of 30
Answer Stats
Hint Answer % Correct
Voldemort
Pascal
95%
Albus Dumbledore
Ray
95%
Alastor "Mad-Eye" Moody
Olaf
95%
Harry Potter
Pleakly
95%
Cho Chang
Genie
95%
Sirius Black
Sleepy
93%
Luna Lovegood
Thumper
93%
Rubeus Hagrid
Merryweather
92%
Moaning Myrtle
Eeyore
91%
Fleur Delacour
Maximus
89%
Neville Longbottom
Meeko
89%
Remus Lupin
Sven
86%
Lily Potter
Heihei
85%
Nymphadora Tonks
Flit
83%
Fang
Tantor
81%
Kreacher
Mrs. Potts
77%
Xenophilius Lovegood
Panic
77%
Gregory Goyle
Gus
76%
Cornelius Fudge
Baloo
72%
Grawp
Flounder
70%
Alice Longbottom
Pegasus
68%
Kingsley Shacklebolt
Terk
68%
Firenze
Dopey
67%
Griphook
Tinkerbell
67%
Arabella Figg
Louis
66%
Mundungus Fletcher
Bagheera
59%
Mary Cattermole
Bashful
59%
Rufus Scrimgeour
Bruni
54%
Antonin Dolohov
Jiminy Cricket
48%
Corban Yaxley
Fauna
46%
No matching quizzes found
Score Distribution
Percent of People with Each Score
Percentile by Number Answered
Your Score History
You have not taken this quiz